000 01753cam a2200169 4500500
005 20251228050010.0
041 _afre
042 _adc
100 1 0 _aTilliette, Xavier
_eauthor
245 0 0 _aJean-François MARQUET. – Restitutions. Études d’histoire de la philosophie allemande. Vrin, Bibliothèque d’Histoire de la Philosophie, Paris, 2001,306 p.
260 _c2003.
500 _a11
520 _aLa pensée technique peut-elle être l’occasion d’un renouveau de la réflexion transcendantale, ou bien est-elle vouée à demeurer tributaire du « préjugé anthropologique » dont Foucault a repéré la mise en place au XIXe siècle avec la formation des sciences humaines, et qui a eu pour conséquence précisément la dissolution du transcendantal dans l’empirique ? Cet article opte résolument pour la première solution, et examine les approches qui vont dans ce sens en refusant de penser les techniques à partir de la finitude anthropologique.
520 _aCan technological thought ask again the transcendental question, or is it unavoidably linked to what Foucault called the « anthropological prejudice » in his analysis of the emergence of social sciences in the nineteenth century ? Event that is precisely linked to the dissolution of the transcendental question in empirical descriptions. This paper aims at arguing in favour of the first solution, and proposes to examine the various approaches that try to elaborate a technological thought avoiding the ‘‘ anthropological prejudice ’’?
786 0 _nArchives de philosophie | 66 | 1 | 2003-03-01 | p. 145a-153a | 0003-9632
856 4 1 _uhttps://shs.cairn.info/revue-archives-de-philosophie-2003-1-page-145a?lang=fr&redirect-ssocas=7080
999 _c1579530
_d1579530